00580 2200229 4500001002100000005001700021008004100038020001800079035002400097082001000121090002200131100001500153245003100168250001100199260002700210300003100237650002900268850001600297980001400313985000600327999001700333YOGYA-0209000006878920090227093139.0 ind  a979-763-889-8 0010-020900000068789 a158.1 a158.1bThe MlDEP aTHE, Johny aMenembus puncakcJohny The aCet. 1 aYogyakartabAndic2008 aviii, 289 hlmbilusc19 cm aSukses - Aspek psikologi aYOPDYOG (M) a31-3-2008 a1 a08-0088CBD11